| 000 | 00494nam a22001577a 4500 | ||
|---|---|---|---|
| 003 | OSt | ||
| 005 | 20140310181759.0 | ||
| 008 | 130702t xxu||||| |||| 00| 0 eng d | ||
| 050 |
_aJQ 1431 _b.P552 2000 |
||
| 082 |
_aREF 011.7 _bC17 2000 |
||
| 245 |
_aPhilippines government directory 2000 : _bYour direct link to the Philippine Government / |
||
| 260 |
_aMakati City : _bDiplomatic post Pub. Corp., _c2000. |
||
| 300 |
_a282 p. : _c28 cm. _bill. some col. ; |
||
| 942 |
_2lcc _cBK |
||
| 999 |
_c3549 _d3549 |
||